| 000 | 00456nam a22001691a 4500 | ||
|---|---|---|---|
| 020 | _a9780500080191 | ||
| 082 |
_a759.6 _bDES/S |
||
| 100 |
_aDescharnes Robert _9160433 |
||
| 245 |
_aSalvador Dali _cby Descharnes Robert |
||
| 260 |
_aLondon: _bThames and Hudson, _c1994. |
||
| 300 | _a127p. | ||
| 650 |
_aPaintings Salvador Dali _9160434 |
||
| 650 |
_aPaintings _9160435 |
||
| 650 |
_aArts _9160436 |
||
| 700 |
_aMorse Eleanor (tr.) _9160437 |
||
| 942 | _cREF | ||
| 999 |
_c39445 _d39445 |
||